| 000 | 01262cam a22003254a 4500 | ||
|---|---|---|---|
| 001 | 2630918 | ||
| 003 | NUST - PNEC | ||
| 005 | 20170116181136.0 | ||
| 008 | 990414s2000 maua b 001 0 eng | ||
| 010 | _a 99030381 | ||
| 020 | _a0070311366 | ||
| 035 | _a(DLC) 99030381 | ||
| 040 |
_aDLC _cLIBRARY _dDLC |
||
| 042 | _apcc | ||
| 050 | 0 | 0 |
_aTS183 _b.S33 2000 |
| 082 | 0 | 0 |
_a670 SCH _221 |
| 100 | 1 | _aSchey, John A. | |
| 245 | 1 | 0 |
_aIntroduction to manufacturing processes / _cJohn A. Schey. |
| 250 | _a3rd ed. | ||
| 260 |
_aBoston : _bMcGraw-Hill, _cc2000. |
||
| 300 |
_axx, 962 p. : _bill. ; _c24 cm. |
||
| 490 | 1 | _aMcGraw-Hill series in mechanical engineering and materials science | |
| 504 | _aIncludes bibliographical references and index. | ||
| 650 | 0 |
_aManufacturing processes. _xGeneral |
|
| 830 | 0 | _aMcGraw-Hill series in mechanical engineering | |
| 856 | 4 | 2 |
_3Publisher description _uhttp://www.loc.gov/catdir/description/mh023/99030381.html |
| 856 | 4 | 1 |
_3Table of contents _uhttp://www.loc.gov/catdir/toc/mh023/99030381.html |
| 942 |
_2ddc _cBK |
||
| 999 |
_c70251 _d70251 |
||